Study on experiment of hopea odorata and sindora cochinchinensis which growth by applying organic and chemical fertilizer in nursery faculty of forestry science, ការសិក្សាពិសោធន៍ពីដំណើរការលូតលាស់របស់ប្រភេទគគីរ និងកកោះដោយប្រើប្រាស់ជីគីមី និងជីធម្មជាតិនៅថ្នាលបណ្ដុះកូនឈើមហាវិទ្យាល័យវីទ្យាសាស្ត្រព្រៃឈើ (Record no. 3237)
[ view plain ]
| 000 -LEADER | |
|---|---|
| fixed length control field | 00929nam a22001577a 4500 |
| 003 - CONTROL NUMBER IDENTIFIER | |
| control field | OSt |
| 005 - DATE AND TIME OF LATEST TRANSACTION | |
| control field | 20151106162323.0 |
| 008 - FIXED-LENGTH DATA ELEMENTS--GENERAL INFORMATION | |
| fixed length control field | 151106b xxu||||| |||| 00| 0 eng d |
| 040 ## - CATALOGING SOURCE | |
| Transcribing agency | RUA |
| 082 ## - DEWEY DECIMAL CLASSIFICATION NUMBER | |
| Classification number | FOR PEN 2002 B129 Or.1 |
| 100 ## - MAIN ENTRY--PERSONAL NAME | |
| 9 (RLIN) | 3467 |
| Personal name | PENG, CANADA. |
| 245 ## - TITLE STATEMENT | |
| Title | Study on experiment of hopea odorata and sindora cochinchinensis which growth by applying organic and chemical fertilizer in nursery faculty of forestry science, ការសិក្សាពិសោធន៍ពីដំណើរការលូតលាស់របស់ប្រភេទគគីរ និងកកោះដោយប្រើប្រាស់ជីគីមី និងជីធម្មជាតិនៅថ្នាលបណ្ដុះកូនឈើមហាវិទ្យាល័យវីទ្យាសាស្ត្រព្រៃឈើ |
| 260 ## - PUBLICATION, DISTRIBUTION, ETC. (IMPRINT) | |
| Place of publication, distribution, etc. | Phnom Penh |
| Name of publisher, distributor, etc. | RUA |
| Date of publication, distribution, etc. | 2002 |
| 300 ## - PHYSICAL DESCRIPTION | |
| Extent | 55p. |
| Other physical details | ill. |
| Dimensions | 29cm. |
| 942 ## - ADDED ENTRY ELEMENTS (KOHA) | |
| Source of classification or shelving scheme | |
| Koha item type | FOR |
| Price effective from | Date last seen | Permanent Location | Not for loan | Date acquired | Source of classification or shelving scheme | Koha item type | Barcode | Lost status | Damaged status | Shelving location | Withdrawn status | Current Location | Full call number |
|---|---|---|---|---|---|---|---|---|---|---|---|---|---|
| 2015-11-06 | 2015-11-06 | Library Block B | 2015-11-06 | FOR | RUA028516 | B129 | Library Block B | FOR PEN 2002 B129 Or.1 | |||||
| 2015-11-06 | 2015-11-06 | Library Block B | 2015-11-06 | FOR | RUA028169 | B129 | Library Block B | FOR PEN 2002 B129 Or.2 | |||||
| 2015-11-06 | 2015-11-06 | Library Block B | 2015-11-06 | FOR | RUA028038 | B129 | Library Block B | FOR PEN 2002 B129 Or.3 | |||||
| 2015-11-06 | 2015-11-06 | Library Block B | 2015-11-06 | FOR | RUA028032 | B129 | Library Block B | FOR PEN 2002 B129 Or.4 | |||||
| 2015-11-06 | 2015-11-06 | Library Block B | 2015-11-06 | FOR | RUA028051 | B129 | Library Block B | FOR PEN 2002 B129 Or.5 | |||||
| 2015-11-06 | 2015-11-06 | Library Block B | 2015-11-06 | FOR | RUA028125 | B129 | Library Block B | FOR PEN 2002 B129 Or.6 |